00620nam a2200157 a 4500008004100000020001800041050001400059100001400073245006100087260003700148300001400185650002200199995009400221999001700315952013000332150616s2013 ||||||||||||||||| || u a9781137286352 aB 163 Ali aAli, Zain10aFaith, philosophy and the reflective muslimcby Zain Ali aLondonbPalgrave Macmillanc2013 aix, 176p. aMUSLIM PHILOSOPHY FCBU-MAIN LIBRARY (Kitwe)M1UAVAILABLEWNov 17, 2015ZMain Library Open Access Collection c43120d43120 00102lcc4070a001b001cMain Library Open Access Collectiond2022-11-30l0oB 163 Alip745620r2022-11-30w2022-11-30y002